000 01026nam a22003257a 4500
001 0003044
003 KOHA_MİRAKIL
005 20260207001326.0
007 ta
008 090317b2006 tu |||gr||||#||||0|tur |
020 _a9754867984
040 _aTR-BiSEU
_btur
_cTR-BiSEU
_erda
041 0 _atur
044 _ctu
050 _aTK7816
_b.Y34 2006
100 1 _aYağımlı, Mustafa.
245 1 _aElektronik :
_bfet ve mosfet'ler :
_boperasyonel yükselteçler (op-amp) :
_bpals devreleri ve osilatörler :
_bmodülasyon/
_cMustafa Yağımlı ; Mustafa Yağımlı, Feyzi Akar.
264 1 _aİstanbul :
_bBeta
_c2006
300 _aVIII, 304 sayfa: resimli
336 _ametin
_btxt
_2rdacontent
337 _aaracısız
_bn
_2rdamedia
338 _acilt
_bnc
_2rdacarrier
490 1 _aBeta yayın no ;
_v898.
490 1 _aTeknik dizisi ;
_v48.
500 _aKaynakça var.
650 0 _aElektronik.
_91654
830 1 _aBeta yayın no ;
_v898.
_92735
830 1 _aTeknik dizisi ;
_v48.
_91559
942 _2lcc
_cBK
999 _c3031
_d3031